Research handbook on end of life care and society /

"This Research Handbook provides an accessible overview of research on palliative and end of life care in its social context. It examines key theories, methods and research findings, presenting crucial social science and public health perspectives."

Bibliographic Details
Other Authors: Clark, David, 1953- (Editor), Samuels, Annemarie (Editor)
Format: eBook
Language:English
Published: Cheltenham, UK ; Northampton, MA, USA : Edward Elgar Publishing, [2025]
Subjects:
Online Access:Connect to the full text of this electronic book

MARC

Tag First Indicator Second Indicator Subfields
LEADER 00000cam a2200000 i 4500
001 in00005669321
006 m o d
007 cr |||||||||||
008 250917t20252025enka ob 001 0 eng d
005 20251110152653.0
035 |a (OCoLC)on1536539999 
040 |a CLU  |b eng  |e rda  |e pn  |c CLU  |d OCLCO  |d ELGAR 
020 |a 9781035317349  |q (eBook) 
020 |a 1035317346  |q (eBook) 
020 |a 9781035370122  |q (ePub) 
020 |a 1035370123  |q (ePub) 
020 |z 9781035317332  |q (cased) 
035 |a (OCoLC)1536539999 
050 4 |a R726.8 
049 |a TXAM 
245 0 0 |a Research handbook on end of life care and society /  |c edited by David Clark, Annemarie Samuels. 
264 1 |a Cheltenham, UK ;  |a Northampton, MA, USA :  |b Edward Elgar Publishing,  |c [2025] 
264 4 |c ©2025 
300 |a 1 online resource (xv, 560 pages) :  |b illustrations 
336 |a text  |b txt  |2 rdacontent 
337 |a computer  |b c  |2 rdamedia 
338 |a online resource  |b cr  |2 rdacarrier 
504 |a Includes bibliographical references and index. 
520 |a "This Research Handbook provides an accessible overview of research on palliative and end of life care in its social context. It examines key theories, methods and research findings, presenting crucial social science and public health perspectives." 
588 0 |a Online resource; title from PDF title page (Elgaronline, viewed on September 17, 2025). 
505 0 |a 1. Scoping the field of end of life care and society / David Clark and Annemarie Samuels -- Part I: Theories, methods, and boundaries in end of life care research -- 2. Theorising end of life care / Vibeke Graven, Michael Hviid Jacobsen and Helle Timm -- 3. Ongoing dilemmas and new approaches in palliative care and end of life care research: Methods, ethics, and patient and public involvement in the United Kingdom / Clare Gardiner and Emilie Couchman -- 4. Humanities collaborations in end of life care / Jordan Owen McCullough and Anna Magdalena Elsner -- 5. Public engagement in palliative and end of life care research / Sonja McIlfatrick and Deborah Muldrew -- 6. Total pain and human gut microbiota / Marian Krawczyk -- 7. Inclusiveness in research teams: Reflections on the te ārai palliative care and end of life research group, a decade on / Tess Moeke-Maxwell, Merryn Gott and Brianna Smith -- 8. Plural imaginaries: Reflections on end of life care from India / Devi Vijay -- Part II: Culture, communication, and context -- 9. Homing in on societal changes in meanings around place of death / Renske Visser -- 10. Displacement and re-imagining end of life care / Parin Dossa -- 11. Belonging at the end of life: Genealogies of 'culturally specific' nursing home care in Europe / Olivia Killias and Eva Soom Ammann -- 12. Sociocultural diversity in approaching pain at the end of life / Adrienne E. Strong and Megan D. Cogburn -- 13. Bioethical frameworks in end of life care decision-making / Sandra Martins Pereira, Paulo J. Borges and Pablo Hernández-Marrero -- 14. Cultural communication in palliative care / Liesbeth Mirjam van Vliet, Edison Iglesias de Oliveira Vidal, Masanori Mori, Constance Dahlin, Eve Namisango, Olaf Geerse and Diah Martina -- Part III: Fields of practice -- 15. Standardisation of end of life care / Shimon Tashiro and Tatsuya Morita -- 16. Compassionate communities / Bert Quintiens and Steven Vanderstichelen -- 17. New approaches to bereavement experience and research / Lucy Selman -- 18. Talking about dying and end of life care / Gitte Koksvik -- 19. Politics and practices of assisted dying / Marcos Freire de Andrade Neves -- 20. Death, dying, and design / Bruce M. Tharp -- 21. The arts in palliative care: Critical perspectives on evidence and practice / Giorgos Tsiris and Jenny Baxley Lee -- Part IV: Social inequalities -- 22. End of life and poverty / Maddy French and Yakubu Salifu -- 23. Barriers to accessing end of life care for minority ethnic communities / Sophie Law-Clucas and Jonathan Koffman -- 24. Gender and end of life care work / Merryn Gott, Tessa Morgan, Lisa Williams and Julia Slark -- 25. Homelessness at the end of life / Kelli I. Stajduhar and Ashley Mollison -- 26. Dying in the margins: A case study of methods and impacts / Sam Quinn and Naomi Richards -- 27. Who gets specialised care at the end of life? / Stephen Connor and Carlos Centeno -- Part V: Policy interventions -- 28. The opportunities and limitations of 'choice' at the end of life / Sandy Whitelaw and David Clark -- 29. National policies for end of life care / Chao Fang -- 30. Public health interactions with palliative and end of life care / David Clark and Sandy Whitelaw -- 31. The global spread of palliative care: How models, ideas, and practices travel / Natashe Lemos Dekker -- 32. Mapping the development of palliative care in resource-poor settings: Examples from African countries and contexts / Eve Namisango, William E. Rosa and Yakubu Salifu -- 33. Palliative care as a global health issue / Joseph Clark -- 34. Concluding points and future agendas: Afterthoughts and afterlives / Annemarie Samuels and David Clark. 
650 0 |a Terminal care  |x Social aspects. 
650 0 |a Palliative treatment  |x Social aspects. 
650 6 |a Soins en phase terminale  |x Aspect social. 
650 6 |a Soins palliatifs  |x Aspect social. 
655 7 |a Electronic books.  |2 local 
700 1 |a Clark, David,  |d 1953-  |e editor.  |1 https://id.oclc.org/worldcat/entity/E39PBJwX7cPKTcdVKFFkqCX8G3 
700 1 |a Samuels, Annemarie,  |e editor.  |1 https://id.oclc.org/worldcat/entity/E39PCjw7rc4F7CBxM4c93BRf4m 
710 2 |a Edward Elgar Publishing,  |e publisher. 
776 0 8 |i Print version:  |t Research handbook on end of life care and society.  |d Cheltenham, UK ; Northampton, MA, USA : Edward Elgar Publishing, [2025]  |z 9781035317332  |w (DLC) 2025941093  |w (OCoLC)1513549433 
856 4 0 |u https://www.elgaronline.com/view/book/9781035317349/9781035317349.xml  |z Connect to the full text of this electronic book  |t 0 
955 |a Elgar Open Access ebooks 
994 |a 92  |b TXA 
999 f f |s fc6ccccb-c473-4011-af92-29410d35f373  |i 6e72fc6a-b54c-43fa-afe2-fc72515e6df4  |t 0 
952 f f |a Texas A&M University  |b College Station  |c Electronic Resources  |d Available Online  |t 0  |e R726.8   |h Library of Congress classification 
998 f f |a R726.8   |t 0  |l Available Online